Top 20 Players Big Ten Basketball - Statistics

General Stats
  • This quiz has been taken 11 times
  • The average score is 14 of 20
Answer Stats
Team Answer % Correct
Michigan State Jeremy Fears Jr.
100%
Purdue Braden Smith
88%
Michigan State Coen Carr
88%
Michigan Elliot Cadeau
88%
Illinois Keaton Wagler
88%
Michigan Yaxel Lendeborg
88%
Michigan Aday Mara
75%
Iowa Bennett Stirtz
75%
Ohio State Bruce Thornton
75%
UCLA Donavan Dent
75%
Purdue Fletcher Loyer
75%
Wisconsin John Blackwell
75%
Michigan Morez Johnson Jr.
75%
Purdue Trey Kauffman-Renn
75%
Wisconsin Nick Boyd
63%
Northwestern Nick Martinelli
50%
Illinois David Mirkovic
38%
Oregon Nate Bittle
38%
Nebraska Pryce Sandfort
38%
UCLA Tyler Bilodeau
38%
No matching quizzes found
Score Distribution
Percent of People with Each Score
Percentile by Number Answered
Your Score History
You have not taken this quiz